Colombia: posición del Consejo Nacional Sindical sobre derechos humanos y amnistía
Збережено в:
| Формат: | Текст |
|---|---|
| Предмети: | |
| Теги: |
Додати тег
Немає тегів, Будьте першим, хто поставить тег для цього запису!
|
MARC
| LEADER | 00000 a a2200000 04500 | ||
|---|---|---|---|
| 001 | 17969 | ||
| 003 | |||
| 040 | |||
| 245 | |a Colombia: |b posición del Consejo Nacional Sindical sobre derechos humanos y amnistía | ||
| 650 | |a SINDICALISMO | ||
| 650 | |a DERECHOS HUMANOS | ||
| 650 | |a AMNISTIA | ||
| 650 | |a ECONOMIA | ||
| 650 | |a TRABAJADORES | ||
| 650 | |a DESEMPLEO | ||
| 650 | |a SEGURIDAD SOCIAL | ||
| 650 | |a EDUCACION | ||
| 650 | |a COLOMBIA | ||
| 773 | |g volumen 4, número 35; p(1980) Páginas. 403-406 | ||
| 999 | |c 30017 |d 30017 | ||
| 773 | 0 | |0 42391 |9 3843 |a Agencia Latinoamericana de Información, ALAI |d Quito, Ecuador: ALAI |o 04419 |t ALAI: |x 08275564 (Servicio mensual de información y documentación) | |
